|
|
|
|
| LEADER |
00000nas a2200000 a 4500 |
| 001 |
ssj0008578 |
| 003 |
WaSeSS |
| 005 |
20200512172242.0 |
| 006 |
m d |
| 007 |
cr n |
| 008 |
011205c19639999enkqr pss o 0 a0eng c |
| 010 |
|
|
|a 2001227388
|
| 015 |
|
|
|a GBB407125
|2 bnb
|
| 016 |
7 |
|
|a 1481954-5
|2 DE-600
|
| 016 |
7 |
|
|a 011458668
|2 Uk
|
| 022 |
|
|
|a 1469-7777
|l 0022-278X
|y 0022-278X
|
| 035 |
|
|
|a (WaSeSS)ssj0008578
|
| 037 |
|
|
|b Cambridge University Press, The Edinburgh Building, Shaftesbury Road, Cambridge CB2 2RU, United Kingdom
|
| 040 |
|
|
|a EYM
|b eng
|c EYM
|d OCLCQ
|d F#A
|d UQ1
|d GUA
|d OCLCQ
|d WEA
|d OCLCQ
|d OCLCF
|d OCLCO
|d OCLCQ
|d DEBBG
|d DEFHM
|d OCLCO
|d OCLCA
|d RCE
|d NLE
|d NLGGC
|d UKMGB
|d VT2
|d NJT
|d CEF
|d OCLCA
|d WaSeSS
|
| 042 |
|
|
|a pcc
|
| 043 |
|
|
|a f------
|
| 050 |
1 |
4 |
|a DT1
|
| 082 |
0 |
4 |
|a 960
|
| 130 |
0 |
|
|a Journal of modern African studies (Online)
|
| 210 |
0 |
|
|a J. mod. Afr. stud.
|b (Online)
|
| 222 |
|
0 |
|a Journal of modern African studies
|b (Online)
|
| 245 |
1 |
4 |
|a The journal of modern African studies
|h [electronic resource].
|
| 260 |
|
|
|a Cambridge, England ;
|a New York :
|b Cambridge University Press,
|c 1963-
|
| 310 |
|
|
|a Quarterly
|
| 362 |
0 |
|
|a Vol. 1, no. 1 (Mar. 1963)-
|
| 500 |
|
|
|a Title from title screen (viewed Dec. 5, 2001).
|
| 506 |
|
|
|a License restrictions may limit access.
|
| 538 |
|
|
|a Mode of access: World Wide Web.
|
| 588 |
|
|
|a Latest issue consulted: Vol. 38, no. 3 (Sept. 2000).
|
| 650 |
|
7 |
|a Study skills.
|2 fast
|0 (OCoLC)fst01136216
|
| 650 |
|
7 |
|a Études africaines.
|2 rasuqam
|
| 650 |
|
7 |
|a Sciences sociales.
|2 rasuqam
|
| 650 |
|
7 |
|a Zeitschrift
|2 gnd
|
| 650 |
|
7 |
|a Online-Ressource
|2 gnd
|
| 650 |
1 |
7 |
|a Regionale geografie.
|2 gtt
|0 (NL-LeOCL)078647541
|
| 651 |
|
0 |
|a Africa
|v Periodicals.
|
| 651 |
|
0 |
|a Africa
|x Study and teaching
|v Periodicals.
|
| 651 |
|
7 |
|a Africa.
|2 fast
|0 (OCoLC)fst01239509
|
| 651 |
|
7 |
|a Afrique.
|2 rasuqam
|
| 651 |
|
7 |
|a Afrika
|2 gnd
|
| 651 |
|
7 |
|a Afrika.
|2 gtt
|0 (NL-LeOCL)078426952
|
| 655 |
|
0 |
|a Electronic journals.
|
| 776 |
1 |
|
|t Journal of modern African studies
|x 0022-278X
|w (DLC) 65005452
|w (OCoLC)1783128
|
| 856 |
4 |
0 |
|z Full text available from Research Library: 03/01/2001 to 1 year ago
|u https://search.proquest.com/publication/48673
|